Statistics for National flags with weapons on

Click here to take the quiz!

General Stats

  • This quiz has been taken 11 times
  • The average score is 14 of 18

Answer Stats

HintAnswer% Correct
Axe N AmericaBelize
100%
Spear AfricaKenya
100%
Trident N AmericaBarbados
100%
Spears N AmericaEl Salvador
90%
Swords and spears S AmericaEcuador
90%
AK-47 AfricaMozambique
90%
Sword AsiaSaudi Arabia
80%
Machete AfricaAngola
80%
Cannons N AmericaHaiti
80%
Rifles and swords N AmericaGuatemala
80%
Cannons S AmericaBolivia
80%
Spear AfricaSwaziland
80%
Spears N AmericaDominican Republic
70%
Sword and dagger AsiaOman
70%
Sword AsiaSri Lanka
60%
Sword AsiaIran
60%
SwordsVenezuela
30%
Sword EuropeMalta
20%

Score Distribution

Percentile by Number Answered

Percent of People with Each Score

Your Score History

You have not taken this quiz